[Event "BL2-Nord 0708"]
[Site "Germany"]
[Date "2008.01.20"]
[Round "5.7"]
[White "Nixdorf, Andre"]
[Black "Tomczak, Rainer"]
[Result "1-0"]
[WhiteElo "2032"]
[BlackElo "2318"]
[PlyCount "75"]
[EventDate "2007.10.21"]
[EventType "team-tourn"]
[EventRounds "9"]
[EventCountry "GER"]
[SourceTitle "EXT 2009"]
[Source "ChessBase"]
[SourceDate "2008.11.26"]
[SourceVersion "1"]
[SourceVersionDate "2008.11.26"]
[SourceQuality "1"]
[WhiteTeam "Norderstedt "]
[BlackTeam "Koenig Tegel"]
[WhiteTeamCountry "GER"]
[BlackTeamCountry "GER"]

1. e4 c5 2. Nf3 Nc6 3. d4 cxd4 4. Nxd4 e5 5. Nb5 d6 6. N1c3 a6 7. Na3 b5 8. Nd5 Nf6 9. Bg5 Be7 10. Bxf6 Bxf6 11. c3 Bb7 12. Qf3 Bg5 13. Bd3 Ne7 14. Nxe7 Qxe7 15. 0-0 0-0 16. Qe2 f5 17. exf5 e4 18. Bc2 Rxf5 19. Bb3+ Kh8 20. Nc2 Bf4 21. g3 e3 22. fxe3 Qe4 23. Rxf4 Rxf4 24. gxf4 Rf8 25. Rf1 Rf6 26. Kf2 Rh6 27. Ke1 a5 28. a3 Rg6 29. Kd2 Rg2 30. Rf2 Rg1 31. Ba2 Bc6 32. Ne1 Qh1 33. Bb1 g6 34. f5 gxf5 35. Bxf5 Rg5 36. e4 Qg1 37. Qf3 Rg7 38. Be6 1-0

[Event "Bundesliga 0607"]
[Site "Germany"]
[Date "2007.03.18"]
[Round "13.5"]
[White "Appel, Ralf"]
[Black "Tomczak, Rainer"]
[Result "1-0"]
[WhiteElo "2507"]
[BlackElo "2323"]
[PlyCount "101"]
[EventDate "2006.10.28"]
[EventType "team-tourn"]
[EventRounds "15"]
[EventCountry "GER"]
[SourceTitle "CBM 118"]
[Source "ChessBase"]
[SourceDate "2007.05.31"]
[SourceVersion "1"]
[SourceVersionDate "2007.05.31"]
[SourceQuality "1"]
[WhiteTeam "Wattenscheid"]
[BlackTeam "Berlin Tegel"]
[WhiteTeamCountry "GER"]
[BlackTeamCountry "GER"]

1. Nf3 Nf6 2. g3 e6 3. Bg2 d5 4. 0-0 Be7 5. d3 0-0 6. Nbd2 b6 7. b3 Bb7 8. Bb2 c5 9. Re1 Nc6 10. e4 Re8 11. h4 Qc7 12. Qe2 dxe4 13. dxe4 e5 14. c3 Rad8 15. Bf1 Bf8 16. Qd1 h6 17. Qc2 a6 18. a4 Na5 19. Bc1 g6 20. Rb1 Bg7 21. Rb2 Nc6 22. Nh2 Na7 23. Ra2 Re7 24. Qb1 Nc6 25. Be2 Na5 26. Ng4 Nxg4 27. Bxg4 h5 28. Be2 Nc6 29. Nc4 Red7 30. Bg5 f6 31. Bc1 Ne7 32. a5 b5 33. Nb6 Rd6 34. c4 b4 35. Nd5 Nxd5 36. cxd5 f5 37. Bc4 fxe4 38. Qxe4 Qf7 39. Bg5 R8d7 40. Rd1 Kh7 41. Rad2 Qf5 42. f3 Qh3 43. Rg2 Rf7 44. Rd3 Bc8 45. g4 Rf4 46. Bxf4 exf4 47. Qe7 hxg4 48. Qxd6 Bf5 49. h5 g5 50. fxg4 f3 51. Qg3 1-0

[Event "BL2-Nord 0304"]
[Site "Germany"]
[Date "2004.??.??"]
[Round "?.4"]
[White "Tomczak, Rainer"]
[Black "Zimmermann, Martin"]
[Result "1/2-1/2"]
[WhiteElo "2315"]
[BlackElo "2235"]
[PlyCount "42"]
[EventDate "2003.10.??"]
[EventType "team-tourn"]
[EventRounds "9"]
[EventCountry "GER"]
[SourceTitle "CBM 100 Extra"]
[Source "ChessBase"]
[SourceDate "2004.07.06"]
[SourceVersion "2"]
[SourceVersionDate "2004.07.06"]
[SourceQuality "1"]
[WhiteTeam "Koenig Tegel"]
[BlackTeam "Hamburg Schachfreunde"]
[WhiteTeamCountry "GER"]
[BlackTeamCountry "GER"]

1. e4 c5 2. Nf3 d6 3. Bb5+ Bd7 4. Qe2 Bxb5 5. Qxb5+ Qd7 6. Qxd7+ Nxd7 7. Nc3 e6 8. d3 a6 9. a4 Ne7 10. 0-0 Nc6 11. Bd2 Be7 12. Na2 Bf6 13. Rab1 Ke7 14. b4 b5 15. bxc5 dxc5 16. axb5 axb5 17. Nc1 b4 18. Be3 Rhc8 19. Nb3 Nce5 20. Nxe5 Bxe5 21. d4 cxd4 1/2-1/2

[Event "BL2-Nord 9899"]
[Site "Germany"]
[Date "1999.01.31"]
[Round "5.1"]
[White "Tomczak, Rainer"]
[Black "Thinius, Marco"]
[Result "1/2-1/2"]
[WhiteElo "2315"]
[BlackElo "2335"]
[PlyCount "33"]
[EventDate "1998.10.18"]
[EventType "team-tourn"]
[EventRounds "9"]
[EventCountry "GER"]
[SourceTitle "GER-chT2"]
[Source "ChessBase"]
[SourceDate "1999.07.01"]
[SourceVersion "1"]
[SourceVersionDate "1999.07.01"]
[SourceQuality "1"]
[WhiteTeam "Lasker Steglitz"]
[BlackTeam "Berlin Empor"]
[WhiteTeamCountry "GER"]
[BlackTeamCountry "GER"]

1. e4 e5 2. Nf3 Nc6 3. Nc3 Nf6 4. d4 exd4 5. Nxd4 Bb4 6. Nxc6 bxc6 7. Bd3 d5 8. exd5 cxd5 9. 0-0 0-0 10. Bg5 c6 11. a3 Bd6 12. Qf3 Rb8 13. Rab1 Re8 14. b4 h6 15. Bxf6 Qxf6 16. Qxf6 gxf6 17. h3 1/2-1/2

[Event "BL2-Nord 9899"]
[Site "Germany"]
[Date "1998.11.22"]
[Round "2.1"]
[White "Muse, Mladen"]
[Black "Tomczak, Rainer"]
[Result "1-0"]
[WhiteElo "2440"]
[BlackElo "2315"]
[PlyCount "69"]
[EventDate "1998.10.18"]
[EventType "team-tourn"]
[EventRounds "9"]
[EventCountry "GER"]
[SourceTitle "GER-chT2"]
[Source "ChessBase"]
[SourceDate "1999.07.01"]
[SourceVersion "1"]
[SourceVersionDate "1999.07.01"]
[SourceQuality "1"]
[WhiteTeam "Lichtenrade"]
[BlackTeam "Lasker Steglitz"]
[WhiteTeamCountry "GER"]
[BlackTeamCountry "GER"]

1. d4 d5 2. c4 e6 3. Nc3 Nf6 4. Bg5 Be7 5. e3 Nbd7 6. Qc2 c6 7. Nf3 0-0 8. Rd1 Re8 9. h3 Qa5 10. cxd5 exd5 11. Bd3 b6 12. Ne5 Nxe5 13. dxe5 Nd7 14. Bxh7+ Kh8 15. Bxe7 Rxe7 16. Rd4 Rxe5 17. b4 Qa6 18. Rh4 Qb7 19. Bf5+ Kg8 20. Bxd7 Qxd7 21. Qh7+ Kf8 22. Qh8+ Ke7 23. Qxg7 Qd6 24. 0-0 Bf5 25. Rh6 Rg8 26. Qxg8 Qxh6 27. Qb8 Re6 28. Ne2 Bd3 29. Ng3 Kf6 30. Rd1 Bg6 31. Rd4 Qg5 32. Qd8+ Re7 33. Rf4+ Ke6 34. Ne2 c5 35. Rg4 1-0

[Event "BL2-Nord 9596"]
[Site "Germany"]
[Date "1996.??.??"]
[Round "?.2"]
[White "Murdzia, Piotr"]
[Black "Tomczak, Rainer"]
[Result "1/2-1/2"]
[WhiteElo "2425"]
[BlackElo "2320"]
[PlyCount "75"]
[EventDate "1995.10.??"]
[EventType "team-tourn"]
[EventRounds "9"]
[EventCountry "GER"]
[SourceTitle "GER-chT2"]
[Source "ChessBase"]
[SourceDate "1999.07.01"]
[SourceVersion "1"]
[SourceVersionDate "1999.07.01"]
[SourceQuality "1"]
[WhiteTeam "Hamburger SK II"]
[BlackTeam "Koenig Tegel"]
[WhiteTeamCountry "GER"]
[BlackTeamCountry "GER"]

1. d4 Nf6 2. c4 e6 3. Nf3 b6 4. a3 Bb7 5. Nc3 d5 6. Qc2 Be7 7. cxd5 exd5 8. g3 0-0 9. Bg2 Nbd7 10. 0-0 Re8 11. Bf4 c6 12. Rad1 Nf8 13. Rfe1 Ng6 14. Bg5 Ne4 15. Bxe7 Qxe7 16. e3 Rac8 17. Qa4 Ba8 18. Nd2 Nxc3 19. bxc3 c5 20. Qb3 cxd4 21. cxd4 Qd7 22. a4 Ne7 23. a5 bxa5 24. Ra1 Rb8 25. Qa2 Bc6 26. Qxa5 Rb7 27. Reb1 Reb8 28. Rxb7 Rxb7 29. Bf1 g6 30. Qc3 Bb5 31. Bxb5 Qxb5 32. Rb1 Qc6 33. Rc1 Qxc3 34. Rxc3 a5 35. Ra3 Nc6 36. Rc3 Ne7 37. Ra3 Nc6 38. Rc3 1/2-1/2

[Event "BL2-Nord 9495"]
[Site "Germany"]
[Date "1995.??.??"]
[Round "7.2"]
[White "Geveke, Michael"]
[Black "Tomczak, Rainer"]
[Result "0-1"]
[WhiteElo "2345"]
[BlackElo "2320"]
[PlyCount "66"]
[EventDate "1994.10.??"]
[EventType "team-tourn"]
[EventRounds "9"]
[EventCountry "GER"]
[SourceTitle "GER-chT2"]
[Source "ChessBase"]
[SourceDate "1999.07.01"]
[SourceVersion "1"]
[SourceVersionDate "1999.07.01"]
[SourceQuality "1"]
[WhiteTeam "Hannover SV"]
[BlackTeam "Koenig Tegel"]
[WhiteTeamCountry "GER"]
[BlackTeamCountry "GER"]

1. Nf3 d5 2. g3 c6 3. Bg2 Bg4 4. d3 Nd7 5. Nbd2 Ngf6 6. h3 Bh5 7. 0-0 e5 8. e4 Bc5 9. Qe1 0-0 10. Nh4 Re8 11. Ndf3 Qc7 12. Nf5 Bxf3 13. Bxf3 dxe4 14. dxe4 Nf8 15. Bg5 N6d7 16. Rd1 Ne6 17. Qd2 Nb6 18. Be2 Nd4 19. Nxd4 exd4 20. Bf4 Qe7 21. Bd3 Qe6 22. Qa5 Bf8 23. Qh5 Na4 24. b3 g6 25. Qh4 Nc3 26. Ra1 Nxe4 27. Rfe1 Qd5 28. Bc4 Qc5 29. Bxf7+ Kxf7 30. Qxh7+ Bg7 31. Bh6 Qf8 32. Bxg7 Qxg7 33. Qh4 Nc3 0-1

[Event "BL2-Nord 9495"]
[Site "Germany"]
[Date "1995.??.??"]
[Round "1.2"]
[White "Tomczak, Rainer"]
[Black "Lagunow, Alexander"]
[Result "0-1"]
[WhiteElo "2320"]
[BlackElo "2395"]
[PlyCount "48"]
[EventDate "1994.10.??"]
[EventType "team-tourn"]
[EventRounds "9"]
[EventCountry "GER"]
[SourceTitle "GER-chT2"]
[Source "ChessBase"]
[SourceDate "1999.07.01"]
[SourceVersion "1"]
[SourceVersionDate "1999.07.01"]
[SourceQuality "1"]
[WhiteTeam "Koenig Tegel"]
[BlackTeam "Lasker Steglitz"]
[WhiteTeamCountry "GER"]
[BlackTeamCountry "GER"]

1. e4 c5 2. c3 d5 3. exd5 Qxd5 4. d4 e6 5. Be3 cxd4 6. Qxd4 Qxd4 7. Bxd4 Nc6 8. Be3 Nf6 9. Nf3 Nd5 10. Bc1 Be7 11. Bc4 0-0 12. 0-0 Rd8 13. Re1 b6 14. Bg5 Bb7 15. Bxe7 Ncxe7 16. Na3 Nf4 17. Red1 Bxf3 18. gxf3 Neg6 19. Ba6 Ne5 20. Kh1 Rab8 21. Nb5 Ned3 22. Rxd3 Rxd3 23. Nxa7 Rd2 24. Nc6 Ra8 0-1

[Event "BL2-Nord 9394"]
[Site "Germany"]
[Date "1994.??.??"]
[Round "?.1"]
[White "Sievers, Stefan"]
[Black "Tomczak, Rainer"]
[Result "1-0"]
[WhiteElo "2330"]
[BlackElo "2350"]
[PlyCount "61"]
[EventDate "1993.10.??"]
[EventType "team-tourn"]
[EventRounds "9"]
[EventCountry "GER"]
[SourceTitle "GER-chT2"]
[Source "ChessBase"]
[SourceDate "1999.07.01"]
[SourceVersion "1"]
[SourceVersionDate "1999.07.01"]
[SourceQuality "1"]
[WhiteTeam "Hamburger SK II"]
[BlackTeam "Koenig Tegel"]
[WhiteTeamCountry "GER"]
[BlackTeamCountry "GER"]

1. e4 c5 2. Nf3 Nc6 3. d4 cxd4 4. Nxd4 e5 5. Nb5 a6 6. Nd6+ Bxd6 7. Qxd6 Qf6 8. Qc7 Nge7 9. Nc3 Nb4 10. Bd3 d5 11. 0-0 d4 12. Na4 Qc6 13. Qxc6+ Nexc6 14. Nb6 Rb8 15. f4 Bg4 16. Rf2 Nxd3 17. cxd3 Nb4 18. h3 Be6 19. f5 Bd7 20. Rf3 Nc2 21. Rb1 Ne1 22. Rg3 Bb5 23. Bd2 Nxd3 24. a4 Bc6 25. Rxg7 Rd8 26. Bg5 Kf8 27. Bh6 Rd6 28. Rg6+ Ke7 29. Bg5+ f6 30. Rg7+ Kd8 31. Nc4 1-0

[Event "BL2-Nord 9394"]
[Site "Germany"]
[Date "1994.??.??"]
[Round "?.1"]
[White "Slobodjan, Roman"]
[Black "Tomczak, Rainer"]
[Result "1-0"]
[WhiteElo "2440"]
[BlackElo "2350"]
[PlyCount "63"]
[EventDate "1993.10.??"]
[EventType "team-tourn"]
[EventRounds "9"]
[EventCountry "GER"]
[SourceTitle "GER-chT2"]
[Source "ChessBase"]
[SourceDate "1999.07.01"]
[SourceVersion "1"]
[SourceVersionDate "1999.07.01"]
[SourceQuality "1"]
[WhiteTeam "Magdeburg"]
[BlackTeam "Koenig Tegel"]
[WhiteTeamCountry "GER"]
[BlackTeamCountry "GER"]

1. e4 c5 2. Nf3 Nc6 3. Bb5 Nf6 4. e5 Nd5 5. 0-0 g6 6. Re1 Bg7 7. c3 Nc7 8. Bf1 d5 9. exd6 Qxd6 10. d3 0-0 11. Nbd2 b6 12. Nc4 Qd5 13. Bf4 Ne6 14. Bd2 Bb7 15. a4 Rad8 16. Qb3 Ba8 17. a5 bxa5 18. Nxa5 Qxb3 19. Nxb3 Rb8 20. Ra3 Rb6 21. Bc1 Rd8 22. Nbd2 Bh6 23. Nc4 Bxc1 24. Nxb6 Bxb2 25. Rb3 Bxc3 26. Rxe6 fxe6 27. Nxa8 Ba5 28. Rb5 Rxa8 29. Rxc5 Bb4 30. Rxc6 a5 31. d4 a4 32. Ra6 1-0

[Event "BL2-Nord 9394"]
[Site "Germany"]
[Date "1994.??.??"]
[Round "?.1"]
[White "Tomczak, Rainer"]
[Black "Kalinitschew, Sergey"]
[Result "1/2-1/2"]
[WhiteElo "2350"]
[BlackElo "2495"]
[PlyCount "38"]
[EventDate "1993.10.??"]
[EventType "team-tourn"]
[EventRounds "9"]
[EventCountry "GER"]
[SourceTitle "GER-chT2"]
[Source "ChessBase"]
[SourceDate "1999.07.01"]
[SourceVersion "1"]
[SourceVersionDate "1999.07.01"]
[SourceQuality "1"]
[WhiteTeam "Koenig Tegel"]
[BlackTeam "Lasker Steglitz"]
[WhiteTeamCountry "GER"]
[BlackTeamCountry "GER"]

1. c4 e5 2. Nc3 Bb4 3. g3 Bxc3 4. dxc3 d6 5. Bg2 Nc6 6. Nf3 Nge7 7. 0-0 Be6 8. b3 f6 9. e4 Qd7 10. Ne1 0-0 11. Nc2 Bh3 12. Ne3 Bxg2 13. Kxg2 f5 14. exf5 Nxf5 15. Nxf5 Rxf5 16. Qd5+ Qf7 17. Be3 Qxd5+ 18. cxd5 Ne7 19. c4 a5 1/2-1/2

[Event "BL2-Nord 9293"]
[Site "Germany"]
[Date "1993.??.??"]
[Round "?.1"]
[White "Blatny, Pavel"]
[Black "Tomczak, Rainer"]
[Result "0-1"]
[WhiteElo "2505"]
[BlackElo "2365"]
[PlyCount "106"]
[EventDate "1992.10.??"]
[EventType "team-tourn"]
[EventRounds "9"]
[EventCountry "GER"]
[SourceTitle "GER-chT2"]
[Source "ChessBase"]
[SourceDate "1999.07.01"]
[SourceVersion "1"]
[SourceVersionDate "1999.07.01"]
[SourceQuality "1"]
[WhiteTeam "Werder Bremen"]
[BlackTeam "Koenig Tegel"]
[WhiteTeamCountry "GER"]
[BlackTeamCountry "GER"]

1. e4 d6 2. d4 Nf6 3. Nc3 e5 4. Nf3 exd4 5. Nxd4 Be7 6. Be2 0-0 7. 0-0 Nc6 8. Be3 Nxd4 9. Bxd4 c5 10. Be3 Be6 11. f4 d5 12. f5 d4 13. fxe6 fxe6 14. e5 Nd7 15. Bc4 Rxf1+ 16. Qxf1 Nf8 17. Rd1 Qb6 18. Na4 Qa5 19. Nxc5 dxe3 20. Nxe6 Nxe6 21. Qf5 Kh8 22. Qxe6 Qc5 23. Be2 Rf8 24. c3 Rf2 25. Bc4 Rf8 26. Kh1 b5 27. Be2 Rf2 28. b4 Qc7 29. Bxb5 Qb7 30. Qh3 Qxb5 31. Qxe3 Rf1+ 32. Rxf1 Qxf1+ 33. Qg1 Qxg1+ 34. Kxg1 Bg5 35. c4 Bd2 36. b5 Bc3 37. Kf2 Bxe5 38. Ke3 Kg8 39. a4 Kf7 40. h3 Ke6 41. Ke4 Bg3 42. c5 Bf2 43. c6 Bb6 44. h4 Kd6 45. Kf5 Kc5 46. Ke6 Kb4 47. Kf7 h5 48. Kxg7 Kxa4 49. Kg6 Kxb5 50. Kxh5 a5 51. g4 a4 52. g5 Kxc6 53. g6 Bd4 0-1

[Event "BL2-Nord 9293"]
[Site "Germany"]
[Date "1993.??.??"]
[Round "?.1"]
[White "Tomczak, Rainer"]
[Black "Cladouras, Panagiotis"]
[Result "1/2-1/2"]
[WhiteElo "2365"]
[BlackElo "2330"]
[PlyCount "122"]
[EventDate "1992.10.??"]
[EventType "team-tourn"]
[EventRounds "9"]
[EventCountry "GER"]
[SourceTitle "GER-chT2"]
[Source "ChessBase"]
[SourceDate "1999.07.01"]
[SourceVersion "1"]
[SourceVersionDate "1999.07.01"]
[SourceQuality "1"]
[WhiteTeam "Koenig Tegel"]
[BlackTeam "Zehlendorf"]
[WhiteTeamCountry "GER"]
[BlackTeamCountry "GER"]

1. d3 d5 2. Nf3 Nc6 3. e4 dxe4 4. dxe4 Qxd1+ 5. Kxd1 Bg4 6. c3 0-0-0+ 7. Kc2 Nf6 8. Bd3 e5 9. Bg5 Be7 10. Nbd2 h6 11. Bh4 a6 12. Rab1 Nd7 13. Bxe7 Nxe7 14. b4 Rhf8 15. b5 axb5 16. Rxb5 c6 17. Rb4 f6 18. Nb3 Kc7 19. Rb1 Ra8 20. a4 Nc8 21. a5 Nd6 22. Nfd2 Be6 23. f3 Ra7 24. Bc4 Nxc4 25. Nxc4 Bxc4 26. Rxc4 h5 27. h3 h4 28. Ra4 Rd8 29. Rd1 Raa8 30. Raa1 Nf8 31. Nc5 Rxd1 32. Kxd1 Ra7 33. Rb1 g5 34. Ke1 Nd7 35. Nxd7 Kxd7 36. Kf2 Kc8 37. Rd1 Kc7 38. Ra1 Kd6 39. g3 hxg3+ 40. Kxg3 Ke6 41. Kg4 Ra6 42. Ra4 c5 43. Kh5 Kf7 44. Kh6 Ra8 45. Kh5 Rh8+ 46. Kg4 Kg6 47. a6 bxa6 48. Rxa6 Rb8 49. Ra5 Rc8 50. c4 Rc7 51. Ra6 Rc8 52. h4 gxh4 53. Kxh4 Rh8+ 54. Kg3 Rc8 55. f4 exf4+ 56. Kxf4 Rh8 57. Kg4 Rd8 58. e5 Rd4+ 59. Kf3 Rxc4 60. Rxf6+ Kg7 61. Ke3 Rh4 1/2-1/2

[Event "BL2-Nord 9293"]
[Site "Germany"]
[Date "1993.??.??"]
[Round "?.1"]
[White "Tomczak, Rainer"]
[Black "Preuschoff, Michael"]
[Result "0-1"]
[WhiteElo "2365"]
[BlackElo "2285"]
[PlyCount "102"]
[EventDate "1992.10.??"]
[EventType "team-tourn"]
[EventRounds "9"]
[EventCountry "GER"]
[SourceTitle "GER-chT2"]
[Source "ChessBase"]
[SourceDate "1999.07.01"]
[SourceVersion "1"]
[SourceVersionDate "1999.07.01"]
[SourceQuality "1"]
[WhiteTeam "Koenig Tegel"]
[BlackTeam "Rehberge"]
[WhiteTeamCountry "GER"]
[BlackTeamCountry "GER"]

1. e4 e5 2. Nf3 Nc6 3. d4 exd4 4. Nxd4 Nf6 5. Nc3 Bb4 6. Nxc6 bxc6 7. Bd3 d5 8. exd5 Qe7+ 9. Qe2 Nxd5 10. Qxe7+ Kxe7 11. Bd2 Nxc3 12. bxc3 Bd6 13. 0-0 Be6 14. Rfe1 Kd7 15. a4 f6 16. Rab1 g6 17. Be3 Rhe8 18. Ba6 c5 19. Bb7 Rab8 20. a5 Bf5 21. Rec1 Be4 22. a6 Bxb7 23. axb7 Kc6 24. Ra1 Rxb7 25. Ra6+ Kb5 26. Rca1 Kc4 27. Bd2 Re2 28. R6a4+ Kb5 29. c4+ Kc6 30. Bc3 Be5 31. Bxe5 fxe5 32. R4a2 Re4 33. Ra4 Re2 34. R4a2 Re4 35. Ra4 Rb2 36. c3 Ree2 37. Ra6+ Kd7 38. Rd1+ Kc8 39. Rf6 e4 40. Rf7 e3 41. fxe3 Rxg2+ 42. Kf1 Rxh2 43. Kg1 Rhe2 44. Kf1 Rxe3 45. Rdd7 Rxc3 46. Rxc7+ Kb8 47. Rce7 Rc1+ 48. Re1 Rxe1+ 49. Kxe1 h5 50. Kf1 a5 51. Rf6 a4 0-1

[Event "BL2-Nord 9293"]
[Site "Germany"]
[Date "1993.??.??"]
[Round "?.1"]
[White "Votava, Jan"]
[Black "Tomczak, Rainer"]
[Result "1/2-1/2"]
[WhiteElo "2410"]
[BlackElo "2365"]
[PlyCount "53"]
[EventDate "1992.10.??"]
[EventType "team-tourn"]
[EventRounds "9"]
[EventCountry "GER"]
[SourceTitle "GER-chT2"]
[Source "ChessBase"]
[SourceDate "1999.07.01"]
[SourceVersion "1"]
[SourceVersionDate "1999.07.01"]
[SourceQuality "1"]
[WhiteTeam "Kreuzberg"]
[BlackTeam "Koenig Tegel"]
[WhiteTeamCountry "GER"]
[BlackTeamCountry "GER"]

1. e4 c5 2. Nf3 Nc6 3. d4 cxd4 4. Nxd4 e5 5. Nf5 d5 6. Qxd5 Qxd5 7. exd5 Bxf5 8. dxc6 bxc6 9. Bd3 Bb4+ 10. Bd2 Bxd2+ 11. Nxd2 Bxd3 12. cxd3 Ne7 13. 0-0-0 0-0-0 14. Rhe1 f6 15. Nf3 g5 16. d4 Ng6 17. dxe5 g4 18. Nd4 Nxe5 19. Kc2 Rhg8 20. Ne6 Rxd1 21. Rxd1 Rg6 22. Rd8+ Kb7 23. Nf4 Rh6 24. h3 Ng6 25. Nxg6 gxh3 26. gxh3 hxg6 27. Rd3 1/2-1/2

[Event "BL2-Nord 9192"]
[Site "Germany"]
[Date "1992.??.??"]
[Round "?"]
[White "Kalinitschew, Sergey"]
[Black "Tomczak, Rainer"]
[Result "1/2-1/2"]
[WhiteElo "2430"]
[BlackElo "2340"]
[PlyCount "160"]
[EventDate "1991.10.??"]
[EventType "team-tourn"]
[EventRounds "9"]
[EventCountry "GER"]
[SourceTitle "GER-chT2"]
[Source "ChessBase"]
[SourceDate "1999.07.01"]
[SourceVersion "1"]
[SourceVersionDate "1999.07.01"]
[SourceQuality "1"]

1. Nf3 Nf6 2. c4 e6 3. Nc3 c5 4. g3 Nc6 5. Bg2 Be7 6. 0-0 0-0 7. d4 cxd4 8. Nxd4 d5 9. cxd5 Nxd5 10. Nxd5 exd5 11. Be3 Bg5 12. Bxg5 Qxg5 13. Rc1 Qf6 14. e3 Be6 15. Nxc6 bxc6 16. Rxc6 Qxb2 17. Bxd5 Rfd8 18. Qb3 Qxb3 19. Bxb3 Bxb3 20. axb3 Rdb8 21. Rfc1 g6 22. R1c3 Rb5 23. Ra6 Rb7 24. Kf1 Rab8 25. Ra3 a5 26. Ke2 Rb4 27. Kd3 a4 28. bxa4 Rd8+ 29. Ke2 Ra8 30. a5 Rb5 31. a6 Rb6 32. g4 Raxa6 33. Rxa6 Rxa6 34. Rc7 Ra5 35. h4 h5 36. g5 Ra4 37. f4 Ra2+ 38. Kf3 Rh2 39. Kg3 Re2 40. Re7 Re1 41. Re5 Rg1+ 42. Kh2 Rg4 43. Kh3 Kg7 44. Rd5 Kf8 45. Rd1 Ke7 46. Ra1 Kd7 47. Ra6 Ke7 48. Rf6 Rg1 49. f5 gxf5 50. Rxf5 Re1 51. Re5+ Kf8 52. Re4 Kg7 53. Kg3 Rh1 54. Rf4 Re1 55. Kf3 Rf1+ 56. Ke2 Ra1 57. Rd4 Rh1 58. Kd3 Rh3 59. Re4 Rh1 60. Kd4 Rd1+ 61. Ke5 Rd3 62. Kf5 Rd5+ 63. Kf4 Rd1 64. Rd4 Rf1+ 65. Ke5 Re1 66. Ke4 Re2 67. Rc4 Re1 68. Kd4 Re2 69. Kd3 Rh2 70. Rf4 Rh1 71. e4 Ra1 72. e5 Ra3+ 73. Ke4 Ra1 74. Kf5 Re1 75. g6 fxg6+ 76. Ke6 g5 77. Rf7+ Kg8 78. Rf5 gxh4 79. Rxh5 Rh1 80. Ke7 Kg7 1/2-1/2

[Event "BL2-Nord 9192"]
[Site "Germany"]
[Date "1992.??.??"]
[Round "?"]
[White "Tomczak, Rainer"]
[Black "Sax, Gyula"]
[Result "0-1"]
[WhiteElo "2340"]
[BlackElo "2600"]
[PlyCount "84"]
[EventDate "1991.10.??"]
[EventType "team-tourn"]
[EventRounds "9"]
[EventCountry "GER"]
[SourceTitle "GER-chT2"]
[Source "ChessBase"]
[SourceDate "1999.07.01"]
[SourceVersion "1"]
[SourceVersionDate "1999.07.01"]
[SourceQuality "1"]

1. e4 c5 2. Nf3 e6 3. d4 cxd4 4. Nxd4 a6 5. Bd3 g6 6. 0-0 Bg7 7. c3 Nc6 8. Nxc6 bxc6 9. Na3 Ne7 10. Bf4 d5 11. Qd2 0-0 12. Rad1 e5 13. Bg5 Be6 14. exd5 cxd5 15. Bc2 f6 16. Be3 Qc7 17. Bb3 Rfd8 18. Qe2 Nf5 19. Bc1 Qb6 20. Rfe1 Kh8 21. Nc2 a5 22. Ba4 Rab8 23. Ne3 Ne7 24. Nc2 Bd7 25. Bxd7 Rxd7 26. Qg4 Qc6 27. Qf3 Qc4 28. b3 Qc7 29. Ba3 d4 30. Qd3 Rc8 31. c4 Nc6 32. Ne3 e4 33. Qd2 Bh6 34. Re2 dxe3 35. Qxd7 Rd8 36. Qxd8+ Nxd8 37. fxe3 Nc6 38. Bd6 Qb6 39. c5 Qb5 40. Kf2 Nb4 41. Rd4 Nd3+ 42. Kg3 Nc1 0-1

[Event "BL2-Nord 9192"]
[Site "Germany"]
[Date "1992.??.??"]
[Round "?"]
[White "Urban, Julian"]
[Black "Tomczak, Rainer"]
[Result "0-1"]
[WhiteElo "2405"]
[BlackElo "2355"]
[PlyCount "74"]
[EventDate "1991.10.??"]
[EventType "team-tourn"]
[EventRounds "9"]
[EventCountry "GER"]
[SourceTitle "GER-chT2"]
[Source "ChessBase"]
[SourceDate "1999.07.01"]
[SourceVersion "1"]
[SourceVersionDate "1999.07.01"]
[SourceQuality "1"]

1. Nf3 d6 2. g3 e5 3. Bg2 Nf6 4. d3 Be7 5. c4 0-0 6. Nc3 Nc6 7. 0-0 h6 8. Rb1 Re8 9. b4 Bf8 10. b5 Ne7 11. Bb2 Be6 12. Qc2 Qd7 13. Rfe1 Ng6 14. Nd2 d5 15. cxd5 Nxd5 16. Nxd5 Bxd5 17. Bxd5 Qxd5 18. Qc4 Qxc4 19. Nxc4 Re6 20. Rec1 a6 21. a4 axb5 22. axb5 c6 23. bxc6 bxc6 24. Ra1 Rxa1 25. Rxa1 f6 26. Ra7 Bc5 27. Rc7 Ne7 28. Kg2 Nd5 29. Rc8+ Kf7 30. Ba3 Bxa3 31. Nxa3 Ne7 32. Rc7 e4 33. d4 e3 34. f4 Re4 35. Nc2 Ke6 36. Kf3 f5 37. Nxe3 Rxe3+ 0-1